| 000 | 00756nam a22001935a 4500 | ||
|---|---|---|---|
| 008 | 160830s2014 ii a|||fr|||| 000 0 eng d | ||
| 020 | _a9788123923918 | ||
| 040 |
_aEG-ScBUE _beng _cEG-ScBUE |
||
| 082 | 0 | 4 |
_222 _a617.60076 _bCOM |
| 245 |
_aCOMEDK Dental Buster : _bprevious Years Solved Papers / _c[compiled by] Jeevitha Murugesh / editor-in-chief Narendranatha Reddy. |
||
| 260 |
_aNew Delhi : _bCBS Publishers & Distributors Pvt. Ltd., _c2014. |
||
| 300 |
_axi, 263 p. : _bill. ; _c22 cm. |
||
| 650 | 7 |
_2BUEsh _940774 _aDentistry _vExaminations, questions, etc. |
|
| 651 | _2BUEsh | ||
| 653 |
_bDDent _cAugust 2016 |
||
| 700 | 1 |
_940982 _aMurugesh, Jeevitha _eCompiler. |
|
| 700 | 1 |
_940983 _aReddy, Narendranatha _eeditor. |
|
| 942 |
_2ddc _e22 _k617.60076 COM |
||
| 999 |
_c22284 _d22256 |
||